000 00623nam a2200181 4500
001 131136
003 ES-MaACL
005 20250828000909.0
007 t|
008 070214s1967 sp r ||||1| spa d
100 1 _aRódenas Vilar, Rafael.
_998117
245 1 3 _aLa política europea de España durante la guerra de los Treinta Años
_b: (1624-1630) /
_cRafael Ródenas Vilar.
260 _aMadrid :
_bInstituto Jerónimo Zurita. Escuela de Historia Moderna,
_c1967.
300 _aXVI, 285 p. ;
_c24 cm.
710 2 _aInstituto Jerónimo Zurita
_95106
852 _aES-MaACL
_jG-4516
_bR.65318
999 _c131136
_d131136